Arctic Monkeys Lyrics - Snap Out Of It - Statistics

General Stats
  • This quiz has been taken 243 times
  • The average score is 227 of 278
Answer Stats
Lyrics % Correct
I
98%
it
98%
it)
98%
It
98%
of
98%
out
98%
Snap
98%
(Snap
98%
you
98%
you?
98%
you,
98%
your
94%
a
93%
baby
93%
wanna
93%
to?
91%
to
91%
and
89%
be
89%
grab
89%
shake,
89%
shoulders
89%
the
88%
in
87%
that
87%
What
87%
both
86%
love,
85%
so
84%
been
82%
late
82%
late,
82%
up
81%
but,
80%
But
80%
have
80%
happenin'
79%
too
79%
fell
78%
What's
78%
feelin'
77%
for
77%
heard
77%
tell
76%
left
75%
or
73%
Or
73%
truth,
73%
get
72%
I'll
72%
near
72%
waitin'
72%
world?
72%
enough
71%
ever
71%
don't
69%
here,
68%
lady
67%
patiently
67%
swing
67%
If
66%
continue
65%
gotta
65%
fat
63%
like
63%
yeah
63%
havin'
62%
sound
60%
watch
60%
how
59%
you're
59%
could
58%
down
58%
much
58%
sing
57%
fancies
53%
girl
53%
sounds
53%
blind?
52%
Darling,
52%
givin'
50%
settlin'
50%
Under
50%
spell,
49%
hypnotised
47%
everyone
46%
Is
46%
isn't
37%
Forever
36%
forever
36%
(Ooh)
36%
No matching quizzes found
Score Distribution
Percent of People with Each Score
Percentile by Number Answered
Your Score History
You have not taken this quiz